[Event "Championnat de France des Jeunes - Minimettes"]
[Site "LE GRAND BORNAND"]
[Date ""]
[Round "1.1"]
[White "Martin, Nadine"]
[Black "Fernandez, Laura"]
[Result "0-1"]
[WhiteElo "1640"]
[BlackElo "2049"]
[Annotator ""]

1. e4 d5 2. exd5 Qxd5 3. Nc3 Qd6 4. d4 Nf6 5. Nf3 a6 6. Be2 Nbd7 7.
O-O e6 8. Be3 b5 9. a3 Bb7 10. Qd2 Be7 11. Na2 Ne4 12. Qd3 f5 13. Rad1
Bd5 14. Nb4 Bc4 15. Bf4 Qxf4 16. Qe3 Qxe3 17. fxe3 Bxe2 0-1

[Event "Championnat de France des Jeunes - Minim"]
[Site "LE GRAND BORNAND"]
[Date "????.??.??"]
[Round "1.2"]
[White "Richard, Emma"]
[Black "Vinckier, Delphine"]
[Result "1-0"]
[WhiteElo "2004"]
[BlackElo "1630"]
[PlyCount "33"]

1. e4 e6 2. d4 d5 3. Nd2 dxe4 4. Nxe4 Bd7 5. Nf3 Bc6 6. Bd3 Nd7 7. Be3 Ngf6 8.
Nc3 b6 9. O-O Bb7 10. Re1 Be7 11. Bf4 O-O 12. Qe2 Re8 13. Rad1 a6 14. Ne5 g6
15. Bh6 Nd5 16. Nxf7 Kxf7 17. Qxe6# 1-0

[Event "Championnat de France des Jeunes - Minim"]
[Site "LE GRAND BORNAND"]
[Date "????.??.??"]
[Round "1.3"]
[White "Moissidis, Monika"]
[Black "Forgues, Valerie"]
[Result "0-1"]
[WhiteElo "1620"]
[BlackElo "1957"]
[PlyCount "72"]

1. e4 e5 2. Nf3 Nc6 3. Bc4 Bc5 4. O-O Nf6 5. d3 d6 6. h3 Be6 7. Bb3 Qd7 8. c3
h6 9. Bxe6 fxe6 10. Re1 O-O 11. Nbd2 Rae8 12. Qe2 Qf7 13. b4 Bb6 14. Nc4 Nh5
15. a4 a6 16. Nxb6 cxb6 17. Nh4 d5 18. b5 Ne7 19. Be3 Nf4 20. Bxf4 Qxf4 21. Nf3
Ng6 22. Qe3 Qxe3 23. Rxe3 Rf7 24. h4 Rc7 25. Ra3 Kf8 26. h5 Nf4 27. Nxe5 Nxh5
28. Rf3+ Kg8 29. c4 dxe4 30. dxe4 Rc5 31. Nd7 Rxc4 32. e5 Rd8 33. Nxb6 Rc1+ 34.
Kh2 Rdd1 35. Kh3 g5 36. Rfd3 Nf4+ 0-1

[Event "Championnat de France des Jeunes - Minim"]
[Site "LE GRAND BORNAND"]
[Date "????.??.??"]
[Round "1.4"]
[White "Jeannerot, Lea"]
[Black "Szadeczki, Eva"]
[Result "1-0"]
[WhiteElo "1920"]
[BlackElo "1620"]
[PlyCount "45"]

1. e4 e5 2. Nf3 Nc6 3. Bc4 Nf6 4. d3 Bc5 5. Nc3 h6 6. Be3 Bb6 7. O-O d6 8. h3
O-O 9. Re1 Be6 10. Bb3 Ba5 11. Re2 Ne7 12. Bc1 c6 13. d4 Ng6 14. Bd2 Nh5 15.
Re1 Qf6 16. Nxe5 Nhf4 17. Nf3 Bd7 18. e5 dxe5 19. dxe5 Qd8 20. Qc1 Nh5 21. Bxh6
gxh6 22. Qxh6 Nhf4 23. Ng5 1-0

[Event "Championnat de France des Jeunes - Minim"]
[Site "LE GRAND BORNAND"]
[Date "????.??.??"]
[Round "1.5"]
[White "Lazare, Christelle"]
[Black "Genzling, Sylvie"]
[Result "0-1"]
[WhiteElo "1600"]
[BlackElo "1914"]
[PlyCount "62"]

1. d4 d5 2. c4 e6 3. Nc3 Nf6 4. Nf3 c6 5. Bg5 Nbd7 6. e3 Qa5 7. Bxf6 Nxf6 8. a3
Ne4 9. Qc2 Bb4 10. Ra2 Bxc3+ 11. bxc3 Qxc3+ 12. Qxc3 Nxc3 13. Rc2 Ne4 14. Bd3
Nf6 15. O-O O-O 16. h3 Nd7 17. cxd5 exd5 18. Nd2 Nb6 19. f3 f5 20. e4 fxe4 21.
fxe4 Rxf1+ 22. Nxf1 dxe4 23. Bxe4 Be6 24. Ne3 Re8 25. Bf3 Bxh3 26. Kf2 Be6 27.
Rd2 Rd8 28. Ng4 Nc4 29. Rd3 Kf8 30. Ne3 Nb6 31. Be4 g6 0-1

[Event "Championnat de France des Jeunes - Minim"]
[Site "LE GRAND BORNAND"]
[Date "????.??.??"]
[Round "1.6"]
[White "Forestier, Carole"]
[Black "Rascle, Adeline"]
[Result "1-0"]
[WhiteElo "1891"]
[BlackElo "1580"]
[PlyCount "57"]

1. d4 d5 2. Nf3 Nf6 3. c4 e6 4. Nc3 c6 5. e3 Be7 6. Bd3 O-O 7. O-O Nbd7 8. Re1
Re8 9. e4 dxc4 10. Bxc4 Nb6 11. Bd3 Bd7 12. a4 a5 13. Bg5 h6 14. Bh4 c5 15.
dxc5 Bxc5 16. e5 g5 17. Nxg5 Nfd5 18. Bh7+ Kf8 19. Nxe6+ Rxe6 20. Bxd8 Rxd8 21.
Nxd5 Bc6 22. Qc2 Rxd5 23. Rad1 Bxa4 24. b3 Rxd1 25. Rxd1 Bxb3 26. Qxb3 Rxe5 27.
Qg3 Ke7 28. Qxe5+ Kf8 29. Rd8# 1-0

[Event "Championnat de France des Jeunes - Minim"]
[Site "LE GRAND BORNAND"]
[Date "????.??.??"]
[Round "1.7"]
[White "Prevost, Elisabeth"]
[Black "Klipper, Noemie"]
[Result "0-1"]
[WhiteElo "1570"]
[BlackElo "1877"]
[PlyCount "40"]

1. e4 d5 2. exd5 Qxd5 3. Nc3 Qa5 4. Be2 Nf6 5. Nf3 Bg4 6. h3 Qh5 7. d3 Nc6 8.
O-O e5 9. hxg4 Nxg4 10. Be3 e4 11. dxe4 Nce5 12. Re1 Nxf3+ 13. Bxf3 Qh2+ 14.
Kf1 Rd8 15. Qc1 Nxe3+ 16. Qxe3 Bd6 17. Qxa7 O-O 18. Qe3 Bf4 19. Qc5 Qh1+ 20.
Ke2 Rd2# 0-1

[Event "Championnat de France des Jeunes - Minim"]
[Site "LE GRAND BORNAND"]
[Date "????.??.??"]
[Round "1.8"]
[White "Armas, Lara-Maria"]
[Black "Cuffaro, Laetitia"]
[Result "1-0"]
[WhiteElo "1819"]
[BlackElo "1560"]
[PlyCount "45"]

1. d4 Nf6 2. c4 g6 3. Nc3 Bg7 4. e4 d6 5. f3 O-O 6. Be3 c6 7. Qd2 e5 8. d5 Ne8
9. Bg5 f6 10. Bh4 g5 11. Bf2 f5 12. O-O-O h6 13. h4 f4 14. hxg5 hxg5 15. g3 Qc7
16. gxf4 gxf4 17. Bh3 Bxh3 18. Nxh3 Bf6 19. Rdg1+ Ng7 20. Ng5 Bxg5 21. Rxg5 Rf7
22. Be1 Na6 23. Qh2 1-0

[Event "Championnat de France des Jeunes - Minim"]
[Site "LE GRAND BORNAND"]
[Date "????.??.??"]
[Round "1.9"]
[White "Dubois, Emmanuelle"]
[Black "Macarry, Elodie"]
[Result "1/2-1/2"]
[WhiteElo "1560"]
[BlackElo "1819"]
[PlyCount "113"]

1. e4 c6 2. d4 d5 3. exd5 cxd5 4. Bd3 Nc6 5. c3 Nf6 6. Nf3 Bg4 7. Nbd2 e6 8.
O-O Bd6 9. Qb3 Qc7 10. h3 Bh5 11. Re1 O-O 12. Qc2 Rac8 13. a3 Bf4 14. Qd1 Rfe8
15. Nf1 Bd6 16. Bg5 Nd7 17. Bh4 Nf8 18. Bg3 Bxg3 19. Nxg3 Bg6 20. Ne5 Nxe5 21.
Rxe5 Bxd3 22. Qxd3 Ng6 23. Re3 Qb6 24. Qd2 Qb3 25. Rc1 Rc4 26. Qc2 Qxc2 27.
Rxc2 Rec8 28. Ne2 Nf8 29. b3 R4c6 30. Rd3 Nd7 31. Rd1 h6 32. Rdc1 Nf6 33. f3
Ne8 34. c4 Nd6 35. c5 Nb5 36. a4 Nc7 37. b4 Ne8 38. b5 R6c7 39. a5 b6 40. a6
bxc5 41. Rxc5 Rxc5 42. dxc5 Nc7 43. Nd4 e5 44. Nc6 Ra8 45. Nxe5 Nxb5 46. Kf2
Rc8 47. Nd3 Kf8 48. Ke3 Ke7 49. Rb1 Rb8 50. Nb4 d4+ 51. Kd3 Kd7 52. Nc2 Kc6 53.
Nxd4+ Kxc5 54. Nf5 Rd8+ 55. Ke3 Re8+ 56. Kf2 Re5 57. Ne3 1/2-1/2

[Event "Championnat de France des Jeunes - Minim"]
[Site "LE GRAND BORNAND"]
[Date "????.??.??"]
[Round "1.10"]
[White "Bismuth, Sarah"]
[Black "Durot, Edwige"]
[Result "1-0"]
[WhiteElo "1815"]
[BlackElo "1560"]
[PlyCount "107"]

1. e4 c5 2. Nc3 e6 3. d3 Nc6 4. Nf3 d5 5. exd5 exd5 6. Be2 Nf6 7. Bg5 Be7 8.
O-O Be6 9. Re1 a6 10. a4 O-O 11. h3 Re8 12. Bf1 Qc7 13. Ne2 Nh5 14. Qd2 Qa5 15.
Qxa5 Nxa5 16. Bd2 Nc6 17. Nf4 Nxf4 18. Bxf4 d4 19. g3 Nb4 20. Rac1 Na2 21. Ra1
Nb4 22. Rac1 Na2 23. Rb1 Nb4 24. Rbc1 Na2 25. Ra1 Nb4 26. Re2 Nd5 27. Bd2 Bf6
28. Bg2 Bd7 29. Rxe8+ Rxe8 30. Nxd4 Bxd4 31. Bxd5 Bxb2 32. Rb1 Bd4 33. Rxb7 Re7
34. Bg5 Bf6 35. Bxf6 gxf6 36. Kh2 Kf8 37. Rb8+ Re8 38. Rxe8+ Kxe8 39. a5 Be6
40. Bb7 Kd7 41. Bxa6 Bd5 42. g4 Kc7 43. Kg3 Kb8 44. Kf4 Be6 45. Bc4 h6 46. Ke4
Ka7 47. f4 Kb7 48. f5 Bxc4 49. dxc4 Kc6 50. c3 Kd6 51. a6 Kc6 52. a7 Kb7 53.
a8=Q+ Kxa8 54. Kd5 1-0

[Event "Championnat de France des Jeunes - Minim"]
[Site "LE GRAND BORNAND"]
[Date "????.??.??"]
[Round "1.11"]
[White "Einhorn, Olympe"]
[Black "Yuen, Wing-Yan"]
[Result "0-1"]
[WhiteElo "1550"]
[BlackElo "1810"]
[PlyCount "96"]

1. e4 e5 2. Nf3 Nc6 3. Bc4 Be7 4. Nc3 d6 5. h3 Be6 6. Bb3 Nf6 7. d3 d5 8. exd5
Nxd5 9. Nxd5 Bxd5 10. O-O Qd7 11. Ba4 f6 12. c4 Be6 13. Qe2 O-O-O 14. d4 exd4
15. Nxd4 Bxc4 16. Qxc4 Qxd4 17. Qxd4 Nxd4 18. Be3 Kb8 19. Rad1 Nf5 20. Rxd8+
Rxd8 21. Re1 Bb4 22. Re2 a6 23. Bf4 g5 24. Bh2 Nd4 25. Re4 f5 26. Re3 f4 27.
Re4 b5 28. Bd1 Ba5 29. g4 Bb6 30. h4 h6 31. hxg5 hxg5 32. Kg2 Rd6 33. f3 Nc6
34. Re8+ Rd8 35. Rxd8+ Nxd8 36. b3 b4 37. Bg1 Kb7 38. Be2 a5 39. Bxb6 Kxb6 40.
Kf1 Kc5 41. Ke1 Kd4 42. Kd2 Nc6 43. Bc4 Ne5 44. Be2 Ng6 45. Bc4 Nh4 46. Be2 Ng2
47. Bc4 Ne3 48. Be6 c5 0-1

[Event "Championnat de France des Jeunes - Minim"]
[Site "LE GRAND BORNAND"]
[Date "????.??.??"]
[Round "1.12"]
[White "Rambourg, Juliette"]
[Black "Anibie, Karmelle"]
[Result "1-0"]
[WhiteElo "1809"]
[BlackElo "1510"]
[PlyCount "49"]

1. e4 e6 2. d4 d5 3. e5 c5 4. c3 Nc6 5. Nf3 Qb6 6. Bd3 Bd7 7. O-O cxd4 8. cxd4
Nge7 9. Nc3 Nf5 10. Bxf5 exf5 11. Nxd5 Qd8 12. Bg5 Qa5 13. Nc3 Be7 14. d5 Nxe5
15. Nxe5 Bxg5 16. Nxd7 Kxd7 17. Qh5 Qd8 18. Qxf7+ Qe7 19. Qxf5+ Kd8 20. d6 Qf6
21. Qa5+ b6 22. Qd5 Rc8 23. Ne4 Qf4 24. Nxg5 Rf8 25. Ne6+ 1-0

[Event "Championnat de France des Jeunes - Minim"]
[Site "LE GRAND BORNAND"]
[Date "????.??.??"]
[Round "1.13"]
[White "Cappelletti, Emmanuelle"]
[Black "Hourlier, Claire"]
[Result "1/2-1/2"]
[WhiteElo "1500"]
[BlackElo "1800"]
[PlyCount "100"]

1. e4 c5 2. Nc3 Nc6 3. g3 g6 4. Bg2 Bg7 5. d3 e6 6. Be3 b6 7. Qd2 Bb7 8. Nge2
Nge7 9. Bh6 O-O 10. h4 Nd4 11. Bxg7 Kxg7 12. h5 Rh8 13. Nxd4 cxd4 14. Ne2 Nc6
15. hxg6 hxg6 16. O-O-O Qc7 17. Rxh8 Rxh8 18. Rh1 Rxh1+ 19. Bxh1 a5 20. f4 f5
21. exf5 gxf5 22. Bxc6 Qxc6 23. Nxd4 Qd5 24. Qc3 Kg8 25. b3 Qg2 26. Qe1 Bd5 27.
Kb2 Qh1 28. Qxh1 Bxh1 29. c4 Kf7 30. Kc2 d5 31. Kd2 Kf6 32. Ke3 e5 33. fxe5+
Kxe5 34. a3 dxc4 35. dxc4 Be4 36. Nb5 Bc2 37. Nd4 Bb1 38. Nf3+ Ke6 39. Kd4 Kd6
40. b4 axb4 41. axb4 Bc2 42. Ne5 Be4 43. c5+ bxc5+ 44. bxc5+ Kc7 45. Kc4 Bh1
46. Kb5 Bg2 47. c6 Bh1 48. Kc5 Bg2 49. Kd4 Be4 50. Ke3 Bb1 1/2-1/2

[Event "Championnat de France des Jeunes - Minim"]
[Site "LE GRAND BORNAND"]
[Date "????.??.??"]
[Round "1.14"]
[White "Bomba, Melody"]
[Black "Havre, Clarissa"]
[Result "1-0"]
[WhiteElo "1790"]
[BlackElo "1490"]
[PlyCount "57"]

1. d4 d5 2. c4 dxc4 3. Nc3 Nf6 4. Bf4 e6 5. a3 Nc6 6. e3 Bd6 7. Bg5 h6 8. Bh4
Be7 9. Bxc4 b6 10. Nf3 g5 11. Bg3 Bb7 12. Qe2 Bd6 13. Bb5 a6 14. Bd3 Nh5 15.
Bxd6 Qxd6 16. Ne4 Qe7 17. Rc1 f5 18. Ne5 Nxe5 19. dxe5 fxe4 20. Qxh5+ Kf8 21.
Be2 Qg7 22. O-O c5 23. f4 exf3 24. Bxf3 Bxf3 25. Qxf3+ Ke7 26. Qb7+ Ke8 27.
Qxg7 Kd8 28. Qxh8+ Kd7 29. Qxa8 1-0

[Event "Championnat de France des Jeunes - Minim"]
[Site "LE GRAND BORNAND"]
[Date "????.??.??"]
[Round "1.15"]
[White "Dauchart, Elaine"]
[Black "Peyre, Camille"]
[Result "1-0"]
[WhiteElo "1470"]
[BlackElo "1785"]
[PlyCount "119"]

1. e4 Nf6 2. Nc3 d5 3. e5 d4 4. exf6 dxc3 5. dxc3 Qxd1+ 6. Kxd1 exf6 7. Nf3 Bg4
8. Be2 Nc6 9. Bf4 O-O-O+ 10. Ke1 Bd6 11. Bxd6 Rxd6 12. h3 Bxf3 13. Bxf3 Re8+
14. Kf1 Rd2 15. Rc1 Ne5 16. Be2 Ng6 17. Bd3 Nf4 18. Bf5+ Kd8 19. g3 Nd5 20. Bd3
Nb6 21. Kg2 c6 22. Rhd1 Rxd1 23. Rxd1 g6 24. b3 Nd5 25. c4 Nc3 26. Ra1 f5 27.
a4 Kc7 28. f3 Ne2 29. Kf2 Nd4 30. f4 Kd6 31. Re1 Rxe1 32. Kxe1 Kc5 33. Kd2 f6
34. Be2 a5 35. Bd1 g5 36. c3 Ne6 37. Ke3 h6 38. Bc2 Ng7 39. g4 fxg4 40. hxg4
Ne6 41. fxg5 fxg5 42. Ke4 Nf4 43. Bd1 Kd6 44. Kf5 Ke7 45. b4 b6 46. c5 b5 47.
bxa5 bxa4 48. Bxa4 Kd7 49. a6 Nd5 50. a7 Nc7 51. Kg6 Na8 52. Kxh6 Kc7 53. Kxg5
Kb7 54. Kf6 Nc7 55. g5 Nd5+ 56. Kf7 Nxc3 57. Bxc6+ Kxa7 58. g6 Ne2 59. g7 Nd4
60. g8=Q 1-0

[Event "Championnat de France des Jeunes - Benjamins"]
[Site "LE GRAND BORNAND"]
[Date ""]
[Round "1.1"]
[White "Ollier, Milan"]
[Black "Lagarde, Maxime"]
[Result "0-1"]
[WhiteElo "1817"]
[BlackElo "2202"]
[Annotator ""]

1. e4 c5 2. Nc3 a6 3. g3 b5 4. Bg2 Bb7 5. d3 e6 6. f4 Nf6 7. Nf3 d5 8.
e5 d4 9. Ne2 Nd5 10. O-O Be7 11. Bd2 O-O 12. g4 Nc6 13. Ng3 c4 14. Ne4
Qb6 15. Kh1 f5 16. exf6ep Bxf6 17. Qe1 Ne3 18. Nd6 Nd8 19. Bxe3 Qxd6
20. Bd2 Nc6 21. g5 Be7 22. Qe2 cxd3 23. cxd3 Rae8 24. Kg1 Bd8 25. Rae1
Bc7 26. Ne5 Nxe5 27. fxe5 Qb6 28. Qg4 Rxf1+ 29. Kxf1 Rf8+ 30. Kg1 Rf5
31. Bxb7 Qxb7 32. Qg3 Qd5 33. Bf4 Qxa2 34. Re2 Qd5 35. h4 a5 36. h5 b4
37. h6 a4 38. g6 Qd7 39. gxh7+ Kh8 40. Rg2 Rf7 41. Bg5 Kxh7 42. Bf6
Rxf6 43. Qxg7+ Qxg7 44. hxg7 Rg6 45. Rxg6 Kg8 46. Rxe6 a3 47. Re8+
Kxg7 48. Re7+ Kf8 49. Rxc7 axb2 0-1

[Event "Championnat de France des Jeunes - Benja"]
[Site "LE GRAND BORNAND"]
[Date "????.??.??"]
[Round "1.2"]
[White "Dubessay, Bastien"]
[Black "Naigelblat, Maximilien"]
[Result "1/2-1/2"]
[WhiteElo "2131"]
[BlackElo "1816"]
[PlyCount "176"]

1. d4 d5 2. c4 e6 3. Nc3 Nf6 4. cxd5 exd5 5. Bg5 Nbd7 6. e3 Be7 7. Bd3 O-O 8.
Nf3 c6 9. Qc2 Re8 10. O-O Nf8 11. h3 Ne4 12. Bxe7 Qxe7 13. Ne5 f5 14. f4 Qh4
15. Bxe4 fxe4 16. Qb3 Qg3 17. Nxe4 Qh4 18. Nd6 Re7 19. Nxc8 Rxc8 20. Kh2 Rd8
21. a4 Rd6 22. a5 a6 23. Rac1 g5 24. Qb4 Rde6 25. g3 Qh5 26. g4 Qe8 27. f5 Rxe5
28. dxe5 Rxe5 29. f6 Qf7 30. Rf3 Re4 31. Qd6 h6 32. Rcf1 Ng6 33. Qg3 Ne5 34.
Rf5 Nc4 35. R1f3 Nd2 36. Rf2 Nc4 37. R2f3 Nd2 38. Qb8+ Kh7 39. Rg3 Nc4 40. Qa7
Nxb2 41. Kg2 Nc4 42. Qc5 Kg6 43. Rf2 Ne5 44. Qc2 Nc4 45. Rgf3 Kh7 46. h4 Kh8
47. hxg5 Rxg4+ 48. Kf1 hxg5 49. Rh2+ Rh4 50. Rxh4+ gxh4 51. Ke2 Nxa5 52. Qc5
Nc4 53. Qe7 Kg8 54. Qd8+ Kh7 55. Qe7 Kg8 56. Rf5 Qxe7 57. fxe7 Nd6 58. Rf8+ Kg7
59. Rd8 Kf7 60. Rxd6 Kxe7 61. Rh6 Kd7 62. Kd3 Kc7 63. Rxh4 b5 64. Rh1 Kb6 65.
Kd4 a5 66. Ra1 b4 67. e4 dxe4 68. Kxe4 Kb5 69. Kd3 a4 70. Kc2 c5 71. Rh1 a3 72.
Rh5 a2 73. Kb2 b3 74. Rh1 Kb4 75. Rh4+ c4 76. Rg4 Kc5 77. Rg5+ Kd4 78. Ra5 Kd3
79. Rd5+ Ke4 80. Rd1 Ke3 81. Kc3 Ke2 82. Rc1 Ke3 83. Ra1 Ke4 84. Rd1 Ke3 85.
Re1+ Kf2 86. Ra1 Ke3 87. Rh1 Ke4 88. Rd1 Ke3 1/2-1/2

[Event "Championnat de France des Jeunes - Benja"]
[Site "LE GRAND BORNAND"]
[Date "????.??.??"]
[Round "1.3"]
[White "Di Nicolantonio, Lucas"]
[Black "Sochacki, Christophe"]
[Result "1-0"]
[WhiteElo "1815"]
[BlackElo "2065"]
[PlyCount "77"]

1. e4 e6 2. d4 d5 3. Nc3 Nf6 4. Bg5 Be7 5. e5 Nfd7 6. Bxe7 Qxe7 7. f4 c5 8. Nb5
O-O 9. Nc7 cxd4 10. Nxa8 f6 11. Qxd4 fxe5 12. fxe5 Nc6 13. Qe3 d4 14. Qa3 Qh4+
15. Qg3 Qe4+ 16. Be2 Nb4 17. Rc1 Nxc2+ 18. Kd2 Nb4 19. Nh3 Nxe5 20. Ng5 Qd5 21.
Nc7 Qa5 22. Qa3 Qb6 23. Ncxe6 Bxe6 24. Nxe6 Qxe6 25. Qxb4 d3 26. Qb3 Qxb3 27.
axb3 Rf2 28. Rc8+ Kf7 29. Rf1 Nf3+ 30. gxf3 Rxe2+ 31. Kxd3 Rxb2 32. Rc7+ Kf6
33. Rxb7 h5 34. h4 Ra2 35. Rg1 g6 36. Rc1 Rh2 37. Rc4 Ra2 38. Ra4 Rf2 39. Ke3
1-0

[Event "Championnat de France des Jeunes - Benja"]
[Site "LE GRAND BORNAND"]
[Date "????.??.??"]
[Round "1.4"]
[White "Manoeuvre, Antoine"]
[Black "Treand, Victor"]
[Result "1-0"]
[WhiteElo "2051"]
[BlackElo "1812"]
[PlyCount "57"]

1. d4 d5 2. c4 Bf5 3. Nc3 e6 4. Nf3 c6 5. Bf4 Nf6 6. Qb3 Qb6 7. c5 Qxb3 8. axb3
Na6 9. Rxa6 bxa6 10. e3 a5 11. Ba6 Nd7 12. Bb7 Rb8 13. Bxc6 Rxb3 14. Ne5 f6 15.
Bxd7+ Ke7 16. Ba4 fxe5 17. Bg5+ Kf7 18. Bxb3 Be7 19. Bxe7 Kxe7 20. Ba4 a6 21.
Kd2 exd4 22. exd4 Rb8 23. b3 Kd8 24. f3 h5 25. h3 Kc7 26. g4 hxg4 27. hxg4 Bg6
28. Re1 Bf7 29. Nxd5+ 1-0

[Event "Championnat de France des Jeunes - Benja"]
[Site "LE GRAND BORNAND"]
[Date "????.??.??"]
[Round "1.5"]
[White "Canterel, Remi"]
[Black "Grandadam, Nicolas"]
[Result "0-1"]
[WhiteElo "1810"]
[BlackElo "2041"]
[PlyCount "64"]

1. c4 e5 2. Nc3 Nf6 3. g3 d5 4. cxd5 Nxd5 5. Bg2 Nb6 6. e3 Be7 7. Nge2 c5 8.
O-O O-O 9. d4 exd4 10. exd4 c4 11. Bf4 Bd6 12. Bxd6 Qxd6 13. b3 a6 14. Ne4 Qd8
15. bxc4 Nxc4 16. Qc2 Nd6 17. Nxd6 Qxd6 18. Rab1 Nc6 19. Rfc1 Re8 20. Rb6 Qe7
21. Bxc6 bxc6 22. Qxc6 Bh3 23. Re1 Rac8 24. Qf3 Qxe2 25. Qxe2 Rxe2 26. Rd1 Rce8
27. Rbb1 Rxa2 28. d5 Kf8 29. d6 Rae2 30. Rbc1 a5 31. f3 Rg2+ 32. Kh1 Ree2 0-1

[Event "Championnat de France des Jeunes - Benja"]
[Site "LE GRAND BORNAND"]
[Date "????.??.??"]
[Round "1.6"]
[White "Dionisi, Thomas"]
[Black "Dumas, Victor"]
[Result "1-0"]
[WhiteElo "2019"]
[BlackElo "1810"]
[PlyCount "45"]

1. e4 e5 2. Nf3 Nc6 3. Nc3 Nf6 4. d4 exd4 5. Nxd4 Bb4 6. Nxc6 bxc6 7. Bd3 O-O
8. O-O Re8 9. Qf3 h6 10. Bf4 d6 11. Rfe1 Bb7 12. e5 Bxc3 13. bxc3 Nd5 14. Bg3
Nxc3 15. Qf5 g6 16. Qh3 Kg7 17. Bh4 Qc8 18. Bf6+ Kh7 19. Bxg6+ fxg6 20. Qxc3 d5
21. Re3 Qe6 22. Rh3 Bc8 23. Qg3 1-0

[Event "Championnat de France des Jeunes - Benja"]
[Site "LE GRAND BORNAND"]
[Date "????.??.??"]
[Round "1.7"]
[White "Peyre, Thomas"]
[Black "Louis, Thibault"]
[Result "1/2-1/2"]
[WhiteElo "1808"]
[BlackElo "2017"]
[PlyCount "89"]

1. e4 e6 2. d4 d5 3. Nc3 Nf6 4. e5 Nfd7 5. f4 c5 6. Nf3 Nc6 7. Be3 cxd4 8. Nxd4
Bc5 9. Ncb5 O-O 10. Nxc6 bxc6 11. Bxc5 Nxc5 12. Nd6 f6 13. Qd4 Nd7 14. exf6
Nxf6 15. Nxc8 Qxc8 16. Bd3 c5 17. Qe3 c4 18. Be2 Qc6 19. Bf3 a5 20. O-O Rfe8
21. Rfe1 a4 22. a3 Rab8 23. Rab1 Rb6 24. Qd4 Reb8 25. f5 exf5 26. Re5 Rb5 27.
Rxf5 Qb6 28. Qxb6 R8xb6 29. Re1 h6 30. Re2 Rxb2 31. Bxd5+ Nxd5 32. Rxd5 Rf6 33.
g3 Rf3 34. Rc5 Rc3 35. Kf2 Ra2 36. Rc7 Raxa3 37. Kg2 Ra2 38. Re8+ Kh7 39. Ree7
Rcxc2+ 40. Kf3 Rf2+ 41. Kg4 Kg6 42. Rxg7+ Kf6 43. Rgf7+ Ke6 44. Rxf2 Rxf2 45.
Rxc4 1/2-1/2

[Event "Championnat de France des Jeunes - Benja"]
[Site "LE GRAND BORNAND"]
[Date "????.??.??"]
[Round "1.8"]
[White "Velten, Paul"]
[Black "Viers, Emmanuel"]
[Result "1-0"]
[WhiteElo "1999"]
[BlackElo "1796"]
[PlyCount "69"]

1. d4 d5 2. c4 e6 3. Nc3 Nf6 4. Bg5 Be7 5. Nf3 h6 6. Bh4 O-O 7. e3 b6 8. Rc1
Bb7 9. cxd5 Nxd5 10. Bxe7 Qxe7 11. Bd3 Nc6 12. Nxd5 exd5 13. O-O Rad8 14. Bb1
Rd6 15. Rc3 f5 16. Qa4 Rg6 17. Rfc1 Qe8 18. Nh4 Rgf6 19. Nxf5 Rxf5 20. Bxf5
Rxf5 21. Rxc6 Rf6 22. R6c4 b5 23. Qxa7 dxc4 24. Qxb7 c6 25. Qc7 Qa8 26. a3 Qa4
27. Qc8+ Kh7 28. Qg4 Rg6 29. Qe4 c3 30. Qc2 cxb2 31. Qxb2 Qa5 32. Qb1 Qa8 33.
h4 h5 34. Rc5 Kh6 35. Qf5 1-0

[Event "Championnat de France des Jeunes - Benja"]
[Site "LE GRAND BORNAND"]
[Date "????.??.??"]
[Round "1.9"]
[White "Palacios-Aguilar, Diego-Andre"]
[Black "Samoun, Florent"]
[Result "0-1"]
[WhiteElo "1795"]
[BlackElo "1987"]
[PlyCount "88"]

1. e4 {[%emt 0:00:00]} c5 2. c3 e6 3. d4 d5 4. e5 Nc6 5. Nf3 Qb6 6. Bd3 Bd7 7.
Bc2 cxd4 8. cxd4 f6 9. exf6 Nxf6 10. O-O Bd6 11. Nc3 O-O 12. Re1 Rae8 13. Bg5
Kh8 14. a3 g6 15. Bh6 Rf7 16. Ng5 Rfe7 17. Qf3 Qxd4 18. Rad1 Qh4 19. Qxf6+ Kg8
20. Nge4 Bxh2+ 21. Kf1 Qxh6 22. Qg5 Qxg5 23. Nxg5 Bf4 24. Nf3 Na5 25. Ne5 Bxe5
26. Rxe5 Nc4 27. Re2 Nxb2 28. Rb1 Nc4 29. Rxb7 Bc6 30. Rxe7 Rxe7 31. Bb3 Kf7
32. Bxc4 dxc4 33. Re5 Rd7 34. Rc5 Bd5 35. Nxd5 exd5 36. Ke2 Ke6 37. Kd2 Ke5 38.
Kc3 Rb7 39. a4 Rb3+ 40. Kc2 Rb7 41. a5 Kd4 42. Rc6 Re7 43. a6 Re2+ 44. Kd1 Ra2
0-1

[Event "Championnat de France des Jeunes - Benja"]
[Site "LE GRAND BORNAND"]
[Date "????.??.??"]
[Round "1.10"]
[White "Godart, Francois"]
[Black "Ozenne, Corentin"]
[Result "1-0"]
[WhiteElo "1984"]
[BlackElo "1774"]
[PlyCount "39"]

1. d4 Nf6 2. Bg5 Ne4 3. Bh4 d5 4. Nd2 c6 5. f3 Nxd2 6. Qxd2 Bf5 7. e3 Qb6 8.
O-O-O e6 9. Ne2 Nd7 10. g4 Bg6 11. Nf4 Bd6 12. Bg3 Bxf4 13. Bxf4 O-O-O 14. Be2
Rde8 15. Bg3 f6 16. Bd3 Bxd3 17. Qxd3 Qa5 18. a3 g6 19. Rhe1 f5 20. Rf1 1-0

[Event "Championnat de France des Jeunes - Benja"]
[Site "LE GRAND BORNAND"]
[Date "????.??.??"]
[Round "1.11"]
[White "Farnolle, Rudy"]
[Black "Netzer, Jacques"]
[Result "0-1"]
[WhiteElo "1769"]
[BlackElo "1983"]
[PlyCount "54"]

1. d4 {[%emt 0:00:00]} f5 2. e4 fxe4 3. Nc3 Nf6 4. Bg5 Nc6 5. Bxf6 exf6 6. d5
Ne5 7. Nxe4 f5 8. Ng3 Bc5 9. h3 O-O 10. Qd2 Qf6 11. O-O-O Qb6 12. Qc3 d6 13.
Nf3 Nxf3 14. Qxf3 Bxf2 15. Bd3 Qe3+ 16. Qxe3 Bxe3+ 17. Kb1 Bf2 18. Ne2 f4 19.
Rhf1 Be3 20. Rf3 g5 21. Rdf1 g4 22. Rxe3 fxe3 23. Bxh7+ Kg7 24. Rxf8 Kxf8 25.
h4 Bd7 26. Bd3 Kg7 27. g3 Rf8 0-1

[Event "Championnat de France des Jeunes - Benja"]
[Site "LE GRAND BORNAND"]
[Date "????.??.??"]
[Round "1.12"]
[White "Fevre, Matthieu"]
[Black "Eden, James"]
[Result "1-0"]
[WhiteElo "1968"]
[BlackElo "1761"]
[PlyCount "73"]

1. e4 e5 2. Nf3 Nc6 3. Bc4 Nf6 4. d4 exd4 5. O-O Nxe4 6. Re1 d5 7. Bxd5 Qxd5 8.
Nc3 Qh5 9. Nxe4 Be6 10. Nxd4 Qxd1 11. Rxd1 O-O-O 12. Be3 Nxd4 13. Bxd4 Bf5 14.
f3 Bxe4 15. fxe4 Rxd4 16. Rxd4 Bc5 17. c3 Bxd4+ 18. cxd4 Re8 19. Re1 Re6 20.
Kf2 Rc6 21. Re2 Kd7 22. Ke3 Ke7 23. Rf2 Rf6 24. Rf3 Rxf3+ 25. gxf3 Ke6 26. d5+
Kf6 27. f4 a6 28. Kd4 b6 29. b4 Ke7 30. e5 g6 31. a4 Kd7 32. b5 a5 33. Ke4 Ke7
34. Kf3 h6 35. f5 gxf5 36. Kf4 f6 37. e6 1-0

[Event "Championnat de France des Jeunes - Benja"]
[Site "LE GRAND BORNAND"]
[Date "????.??.??"]
[Round "1.13"]
[White "Fourcand, Pierre"]
[Black "Song, Julien"]
[Result "0-1"]
[WhiteElo "1755"]
[BlackElo "1957"]
[PlyCount "70"]

1. e4 e6 2. d4 d5 3. e5 c5 4. c3 Nc6 5. Nf3 Bd7 6. a3 f6 7. exf6 gxf6 8. Bd3
Bd6 9. Nh4 Qe7 10. Qh5+ Qf7 11. Bg6 hxg6 12. Qxh8 cxd4 13. Nf3 O-O-O 14. cxd4
Nge7 15. Qh6 g5 16. Be3 Nf5 17. Qh3 e5 18. g4 exd4 19. gxf5 dxe3 20. fxe3 Re8
21. Nfd2 Nd4 22. O-O g4 23. Qh4 Nxf5 24. Qf2 g3 25. hxg3 Bxg3 26. Qf3 Rxe3 27.
Qd1 Bh2+ 28. Kh1 Qh7 29. Nf3 Bf4+ 30. Kg2 Qg6+ 31. Kh1 Qh5+ 32. Kg2 Qg4+ 33.
Kh1 Qh3+ 34. Kg1 Bh2+ 35. Nxh2 Rg3+ 0-1

[Event "Championnat de France des Jeunes - Benja"]
[Site "LE GRAND BORNAND"]
[Date "????.??.??"]
[Round "1.14"]
[White "Friburger, Quentin"]
[Black "Coustance, Kevin"]
[Result "1/2-1/2"]
[WhiteElo "1740"]
[BlackElo "1953"]
[PlyCount "57"]

1. d4 c5 2. c4 cxd4 3. Qxd4 Nc6 4. Qd1 g6 5. Nf3 Bg7 6. Qc2 Nf6 7. g3 O-O 8.
Bg2 d5 9. O-O Bf5 10. Qa4 dxc4 11. Rd1 Qb6 12. Qxc4 Ng4 13. e3 Bxb2 14. Bxb2
Qxb2 15. Nbd2 Rfd8 16. Qb3 Qxb3 17. Nxb3 Bc2 18. Rxd8+ Rxd8 19. Nfd4 Bxb3 20.
Nxc6 bxc6 21. axb3 c5 22. h3 Ne5 23. Rxa7 Rd1+ 24. Bf1 e6 25. Kg2 Kg7 26. Rc7
Rc1 27. b4 c4 28. b5 Rb1 29. Bxc4 1/2-1/2